000 00415nam a2200169Ia 4500
003 GCL
008 140319s9999 xx 000 0 ara d
040 _aGCL /
_cGCL
082 0 4 _a598.2
_bع ا
100 1 _aعايدة الشريف
245 1 0 _aالانسان والطائر /
_cعايدة الشريف
300 _a207 ص
490 _a
650 0 4 _aتاريخ
650 0 4 _aالطيور
942 _2ddc
_cBK
999 _c39794
_d39794